Kusztos Endre grafikája
Elmentve itt :
| Szerző: | |
|---|---|
| Dokumentumtípus: | Cikk |
| Megjelent: |
1990
|
| Sorozat: | Tiszatáj
44 No. 9 |
| Kulcsszavak: | Grafika - magyar - 20. sz. |
| Online Access: | http://tiszataj.bibl.u-szeged.hu/14438 |
| LEADER | 00563nab a2200181 i 4500 | ||
|---|---|---|---|
| 001 | tisza14438 | ||
| 005 | 20200330145334.0 | ||
| 008 | 170724s1990 hu o 0|| hun d | ||
| 022 | |a 0133-1167 | ||
| 040 | |a SZTE Tiszatáj Archívum |b hun | ||
| 041 | |a hun | ||
| 100 | 1 | |a Kusztos Endre | |
| 245 | 1 | 0 | |a Kusztos Endre grafikája |h [elektronikus dokumentum] / |c Kusztos Endre |
| 260 | |c 1990 | ||
| 300 | |a 33 | ||
| 490 | 0 | |a Tiszatáj |v 44 No. 9 | |
| 695 | |a Grafika - magyar - 20. sz. | ||
| 856 | 4 | 0 | |u http://tiszataj.bibl.u-szeged.hu/14438/1/tiszataj_1990_009_033.pdf |z Dokumentum-elérés |